Working and interaction style analysis of elected women in panchayati raj system towards empowerment (Record no. 23010)

MARC details
000 -LEADER
fixed length control field 00554nam a2200169Ia 4500
082 ## - DEWEY DECIMAL CLASSIFICATION NUMBER
Classification number TG.0323
100 ## - MAIN ENTRY--AUTHOR NAME
Personal name Gagandeep Kaur
245 #0 - TITLE STATEMENT
Title Working and interaction style analysis of elected women in panchayati raj system towards empowerment
260 ## - PUBLICATION, DISTRIBUTION, ETC. (IMPRINT)
Year of publication 2000
Name of publisher Punjab Agricultural University
300 ## - PHYSICAL DESCRIPTION
Number of Pages 95p. + C D - 34
650 ## - SUBJECT ADDED ENTRY--TOPICAL TERM
Topical Term PANCHAYAT - LUDHIANA
650 ## - SUBJECT ADDED ENTRY--TOPICAL TERM
Topical Term WOMEN IN PANCHAYAT - LUDHIANA
650 ## - SUBJECT ADDED ENTRY--TOPICAL TERM
Topical Term WOMEN IN RURAL DEVELOPMENT///WOMEN IN PANCHAYAT
650 ## - SUBJECT ADDED ENTRY--TOPICAL TERM
Topical Term WOMEN IN POLITICS - LUDHIANA
710 ## - ADDED ENTRY--CORPORATE NAME
Corporate name or jurisdiction name as entry element Goyal, G.
942 ## - ADDED ENTRY ELEMENTS (KOHA)
Koha item type Thesis
Source of classification or shelving scheme Dewey Decimal Classification
Holdings
Withdrawn status Lost status Damaged status Not for loan Home library Current library Date acquired Bill Date Full call number Accession Number Price effective from Koha item type
        NASSDOC Library NASSDOC Library 08/10/2004 2004-10-05 TG.0323 38325 18/04/2019 Thesis